000 01631nam a2200265Ia 4500
003 OSt
005 20210909115047.0
008 210310q1976 ck fr 000 0 spa d
040 _aCO-JMCR
_cCO-JMCR
041 0 _aspa
082 0 4 _a330.9861 /
_bA662e
_223
100 1 _aArango Londoño, Gilberto,
_917596
_eautor
245 1 0 _aEstructura económica colombiana /
_cGilberto Arango Londoño
250 _aTercera edición actualizada
260 _aBogotá :
_bAnif,
_c1976
300 _a446 páginas ;
_c22 cm.
490 0 _aBiblioteca Anif de economía ;
_v10
500 _aIncluye notas a pie de página.
504 _aBibliografía: páginas 443-446
505 0 _aConceptos básicos -- Aspectos sobresalientes de la situación demográfica colombiana -- La estructura agraria -- La producción agropecuaria -- El café -- El sector industrial y el comercial -- La balanza de pagos, la balanza comercial y el control de cambios en Colombia -- El arancel aduanero -- Normas y mecanismos del sistema cambiario -- Recursos financieros del estado -- La financiación externa -- El presupuesto nacional -- Las inversiones extranjeras en Colombia -- El petróleo -- La Asociación Latinoamericana de Libre Comercio ALALC y el Grupo Andino -- La Banca -- El Banco de la República y la Junta Monetaria -- El problema de la vivienda -- El problema educacional -- La salud -- Inflación, costo de vida, ingresos y salarios. El control de precios -- La planeación económica
650 _a#N/A
_917598
651 2 _aColombia
_xCondiciones económicas
_97526
651 2 _aColombia
_xPolítica económica
_96872
942 _2ddc
_cBK
999 _c8549
_d8549